Algunas cuestiones de ética sexual : comentarios a la declaración Persona humana, de la Sagrada Congregación para la Doctrina de la Fe /

Compilación de artículos de diversos autores que ofrecen orientaciones en torno a la Declaración sobre algunas cuestiones de ética sexual, que tuvo gran resonancia en la opinión pública. A diez años de concluido el Concilio Vaticano II, que pide a todos respetar la primacía absoluta del orden moral...

Бүрэн тодорхойлолт

-д хадгалсан:
Номзүйн дэлгэрэнгүй
Байгууллагын зохиогч: Iglesia Católica. Sagrada Congregación para la Doctrina de la Fe
Бусад зохиолчид: Volk, Herman, Cardenal (comentarios) (comentarios)
Формат: Ном
Хэл сонгох:испани
Хэвлэсэн: Madrid, España : Editorial Católica, 1976, c1976
Цуврал:(Biblioteca de Autores Cristianos Popular ; 1)
Нөхцлүүд:
Шошгууд: Шошго нэмэх
Шошго байхгүй, Энэхүү баримтыг шошголох эхний хүн болох!

MARC

LEADER 00000nam^a2200000^a^4500
001 000414156
005 20250521000000.0
009 20260310122225.311
020 |a 84-220-0765-7 
037 |a Acervo ITESO - Biblioteca 
041 |a ESP 
082 |a 176.  |b IGL 
110 |a Iglesia Católica.  |b Sagrada Congregación para la Doctrina de la Fe 
245 1 0 |a Algunas cuestiones de ética sexual :  |b comentarios a la declaración Persona humana, de la Sagrada Congregación para la Doctrina de la Fe /  |c Comentarios del Cardenal H. Volk... [et al.]. 
264 4 |a Madrid, España :  |b Editorial Católica,  |c 1976, c1976 
300 |a VII, 197 p. 
336 |a texto  |b txt  |2 rdacontenido 
337 |a sin mediación  |b n  |2 rdamedio 
338 |a volumen  |b nc  |2 rdasoporte 
440 1 |a (Biblioteca de Autores Cristianos Popular ;  |v 1) 
520 |a Compilación de artículos de diversos autores que ofrecen orientaciones en torno a la Declaración sobre algunas cuestiones de ética sexual, que tuvo gran resonancia en la opinión pública. A diez años de concluido el Concilio Vaticano II, que pide a todos respetar la primacía absoluta del orden moral objetivo, y en un contexto de permisivismo creciente en el campo de la sexualidad, la Sagrada Congregación para la Doctrina de la Fe, hace esta declaración con el fin de contribuir a sanear el clima moral de la sociedad. 
649 |a XX 
650 |a Iglesia y Educación 
650 |a Educación Sexual 
650 |a Etica Sexual -  |x Tema Principal 
650 |a Etica Cristiana 
650 |a Sexualidad y Religión 
650 |a Catolicismo 
650 |a Cristianismo 
650 |a Religión 
740 0 |a Declaración acerca de ciertas cuestiones de ética sexual /  |c Iglesia católica, Sagrada Congregación para la Doctrina de la Fe. 
700 |a Volk, Herman,  |c Cardenal  |e (comentarios) 
910 |a Fondo General 
920 |a Impresos - Libros 
930 |a Colección General 
905 |a 101 
901 |a 0500323680  |b IT1  |c ACC  |i D108516  |u 20250521 
902 |a https://opac.biblio.iteso.mx/vufind/Record/000414156